000 00475nam a2200181Ia 4500
001 13332
005 20260306164753.0
008 260306t2015||||xx |||||||||||||| ||spa||
041 _aESP
082 _a001.42
_bQ23
100 _aQuezada Lucio, Nel
_eAUT
245 0 _aMetodología de la investigación:
_bestadística aplicada en la investigación
260 _c2015
300 _a334 páginas :
_c25 cm.
650 _aGEN
654 _aCHU
942 _cLIB
_dJUS
_fJUS
_2ddc
_n
999 _c13332
_d13332